000 00281nam a22000977a 4500
008 230425b |||||||| |||| 00| 0 eng d
020 _a9780340893203
100 _aBlyton Guid
_97607
245 _aThe Secret Seven (Look Out Secret Seven)
260 _aLondon
_bHodder Childern Books
_c2015
999 _c12279
_d12279